Ecocapsule zobrať si bývanie so sebou

Ekokapsula ako mobilná a energeticky sebestačná obytná jednotka s možnosťou dopravy na potrebné miesto a žiť v nej určitý čas nezávisle od civilizácie. Popis fungovanie obytnej ekokapsuly od Nice Architects. Zisky a tržby projektu.

Salvato in:
Dettagli Bibliografici
Autore principale: Slávik, Štefan, 1955-
Natura: Capitolo di libro
Lingua:slovacco
Soggetti:
Tags: Aggiungi Tag
Nessun Tag, puoi essere il primo ad aggiungerne!!

MARC

LEADER 00000naa$a2200000$$$4500
001 0271403
005 20240502074254.1
041 0 |a slo 
044 |a SK 
245 1 0 |a Ecocapsule  |b zobrať si bývanie so sebou  |c Štefan Slávik 
520 |a Ekokapsula ako mobilná a energeticky sebestačná obytná jednotka s možnosťou dopravy na potrebné miesto a žiť v nej určitý čas nezávisle od civilizácie. Popis fungovanie obytnej ekokapsuly od Nice Architects. Zisky a tržby projektu. 
610 2 0 |a bývanie 
610 2 0 |a ekológia 
610 2 0 |a tržby 
610 2 0 |a zisk 
100 1 |a Slávik, Štefan, 1955-